APUSH Forever Dates - Statistics

General Stats
  • This quiz has been taken 58 times
  • The average score is 8 of 33
Answer Stats
Event Year % Correct
Pearl Harbor/WW2 for America 1941
71%
Declaration of Independence 1776
66%
Stock Market crashes 1929
53%
Jamestown 1607
47%
Thomas Jefferson's election 1800
45%
Missouri Compromise 1820
45%
Monroe Doctrine 1823
37%
Treaty of Paris 1783
34%
George Washington's Presidency 1789
32%
Kansas-Nebraska Act 1854
32%
Civil War 1861-1865
32%
Spanish American War 1898
29%
French and Indian War 1754-1763
26%
WW1 1914-1918
26%
1st Great Awakening 1730s
18%
Mexican American War 1846
18%
Stamp Act 1765
16%
Constitutional Convention 1787
16%
Ronald Reagan 1981-1989
16%
Market Revolution 1800-1850
13%
Reconstruction 1865-1877
13%
Korean War 1950-1953
13%
Spanish Domination 1492-1588
11%
Jacksonian Democracy 1829-1837
8%
Gilded Age 1870-1900
8%
Progressive Era 1900-1920
8%
Cold War (Truman Doctrine-Fall of SU) 1947-1991
8%
King Phillip's War 1675-1678
5%
Reform Movements 1820-1830s
5%
Populism/Segregation/Imperialism 1890s
5%
Civil Rights Movement 1950s-1960s
3%
Vietnam War 1955-1975
3%
War on Terror 2001-2021
0%
No matching quizzes found
Score Distribution
Percent of People with Each Score
Percentile by Number Answered
Your Score History
You have not taken this quiz